| 000 | 00837nas a2200265 4500 | ||
|---|---|---|---|
| 001 | BR2014002054 | ||
| 003 | BR-BrBNA | ||
| 005 | 20231205123917.0 | ||
| 007 | ta | ||
| 008 | 230509b bl.|||p| |||| 00| 00por d | ||
| 040 |
_aBR-BrBNA _bpor _cBiblioteca Nacional de Agricultura |
||
| 041 | _a(Pt) | ||
| 072 | _aF70 | ||
| 100 | 1 | _aRosini, E.F. | |
| 100 | 1 | _aSant'Anna, C.L. | |
| 100 | 1 | _aTucci, A. | |
| 245 | 1 | _aScenedesmaceae (Chlorococcales, Chlorophyceae)de pesqueiros da região metropolitana de São Paulo, SP, Brasil: levantamento florístico | |
| 650 | _aCOMPOSIÇÃO BOTÂNICA | ||
| 650 | _aLEVANTAMENTO | ||
| 650 | _aTAXONOMIA | ||
| 650 | _aSÃO PAULO | ||
| 773 | 0 |
_tHoehnea (Brazil) _xISSN 0073-2877 _g(Dec 2013), v. 40(4) p. 661-678 _wBR2014002054 |
|
| 909 |
_a202311 _bLúcia _c55 _dLúcia Elande |
||
| 942 |
_2AGRIS _n0 _cANA |
||
| 999 |
_c236337 _d236337 |
||